00201nam a22000857a 4500082001600000100001800016245004000034260003100074300001000105 aTNC AA B469 aBhargava,K.N. aRoad to happinesscBy K.N. Bhargava aDelhibV.K. Bhargavac1995 a101p.